Top 10 slovenských rodinných firiem

Rebríček najväčších a najúspešnejších rodinných firiem na Slovensku. Tržby a EBITDA firiem.

Guardado en:
Detalles Bibliográficos
Autor principal: Kantorík, Juraj
Otros Autores: Porubský, Juraj, Vavrová, Tatiana
Formato: Capítulo de libro
Lenguaje:eslovaco
Materias:
Etiquetas: Agregar Etiqueta
Sin Etiquetas, Sea el primero en etiquetar este registro!

MARC

LEADER 00000naa a2200000 4500
001 0200577
005 20231013091452.8
041 0 |a slo 
044 |a SK 
245 1 0 |a Top 10 slovenských rodinných firiem  |c Juraj Kantorík, Juraj Porubský, Tatiana Vavrová 
520 |a Rebríček najväčších a najúspešnejších rodinných firiem na Slovensku. Tržby a EBITDA firiem. 
610 2 0 |a podnik rodinný 
610 2 0 |a podnikanie rodinné 
610 2 0 |a podnikatelia 
610 2 0 |a tržby 
610 2 0 |a Slovensko 
100 1 |a Kantorík, Juraj 
700 1 |a Porubský, Juraj 
700 1 |a Vavrová, Tatiana